Рукоделие: популярная энциклопедия

Bibliografiske detaljer
Andre forfattere: Андреева И. А. (редактор)
Sprog:russisk
Udgivet: Москва, Сов. энцикл., 1991
Fag:
Format: MixedMaterials Bog
KOHA link:https://koha.lib.tpu.ru/cgi-bin/koha/opac-detail.pl?biblionumber=127422

MARC

LEADER 00000nam0a2200000 4500
001 127422
005 20231031132238.0
010 |a 5852700126 
020 |a RU  |b 92-7001 
035 |a (RuTPU)RU\TPU\book\137839 
090 |a 127422 
100 |a 20071214d1991 m a0rusy5003 ca 
101 0 |a rus 
102 |a RU 
105 |a a f 000zy 
200 1 |a Рукоделие  |e популярная энциклопедия  |f под ред. И. А. Андреевой 
210 |a Москва  |c Сов. энцикл.  |d 1991 
215 |a 287 с.  |c ил. 
610 1 |a рукоделие 
610 1 |a вышивание 
610 1 |a вязание 
610 1 |a плетение 
675 |a 64  |v 3 
702 1 |a Андреева  |b И. А.  |4 340 
801 0 |a RU  |b RuMRKP  |c 19950417  |g psbo 
801 1 |a RU  |b 63413507  |c 20071214  |g PSBO 
801 2 |a RU  |b 63413507  |c 20080410  |g PSBO 
942 |c BK